Stadtbahn Stuttgart: Alle Haltestellen - Statistiken

Allgemein
  • Dieses Quiz wurde 82 mal gespielt
  • Das Durchschnittsergebnis liegt bei 74 aus 203
Antwortstatistiken
Hint Antwort % Korrekt
U2,U4,U5,U6,U7,U11,U12,U14,U15 Charlottenplatz
81%
U1,U5,U6,U7,U9,U11,U12,U15 Hauptbahnhof (Arnulf-Klett-Platz)
79%
U2,U9 Botnang
73%
U5,U6,U8,U12 Degerloch
71%
U6 Gerlingen
71%
U2,U9 Schloss-/Johannesstraße
69%
U1,U2,U4 Berliner Platz (Hohe Straße)
67%
U6,U13,U16 Feuerbach Bahnhof
67%
U6,U7,U13,U15,U16 Pragsattel
67%
U1,U2,U13,U16,U19 Bad Canstatt Wilhelmsplatz
65%
U1,U4,U9,U11 Berliner Platz (Liederhalle)
65%
U6 Flughafen/Messe
65%
U2,U4,U11,U14 Rathaus
63%
U9,U13 Hedelfingen
62%
U13,U14,U16 Wilhelma
62%
U1,U14 Marienplatz
60%
U15 Stammheim
60%
U5,U6,U7,U12 Bopser
58%
U12,U13,U16 Löwentor (SV SparkassenVersicherunng)
58%
U1,U2,U11,U14 Mineralbäder (Naturkundemuseum)
58%
U3,U5,U6,U8,U12 Möhringen Bahnhof
58%
U12,U14 Mühlhausen
58%
U11,U19 NeckarPark (Stadion)
58%
U5,U6,U7,U12,U15 Olgaeck
58%
U1,U2,U4,U9,U11,U14 Stöckach
58%
U4, U13 Untertürkheim Bahnhof
58%
U3,U8,U14 Vaihingen Bahnhof
58%
U12 Budapester Platz
56%
U5 Killesberg
56%
U7 Mönchfeld
56%
U5,U6,U7,U15 Pragfriedhof
56%
U7,U8,U15 Ruhbank (Fernsehturm)
56%
U5,U6,U7,U15 Stadtbibliothek (Handwerkskammer)
56%
U1,U16 Fellbach Lutherkirche
54%
U1,U2,U11,U13,U16 Mercedesstraße
54%
U1,U2,U4,U9,U11,U14 Staatsgalerie
54%
U7,U8 Waldau (Gazi-Stadion)
54%
U1,U9,U11 Börsenplatz (L-Bank)
52%
U7,U8,U15 Heumaden
52%
U12,U14 Max-Eyth-See
52%
U1,U2,U4,U11 Rotebühlplatz (Stadtmitte)
52%
U4 Russische Kirche
52%
U5,U6,U7,U12 Dobelstraße
50%
U4 Hölderlinplatz
50%
U2,U19 Neugereut
50%
U2,U9 Vogelsang
50%
U5 Leinfelden Bahnhof
48%
U2,U9 Schwab-/Bebelstraße
48%
U11,U19 Cannstatter Wasen
46%
U12 Dürrlewang
46%
U7 Freiberg
46%
U3 Plieningen (Universität Hohenheim)
46%
U5,U6,U7,U12,U15 Schlossplatz
46%
U7,U8,U15 Sillenbuch
46%
U5,U6,U8,U12 Degerloch Albstraße
44%
U1,U14 Heslach Vogelrain
44%
U12,U14 Hofen
44%
U1,U2,U11,U14 Metzstraße (Südwestrundfunk)
44%
U1,U2,U4,U,U11,U14 Neckartor
44%
U12 Nordbahnhof (Lotto Baden-Württemberg)
44%
U13,U14,U16 Rosensteinbrücke
44%
U1,U14 Bihlplatz
42%
U1,U14 Erwin-Schoettle-Platz (Marienhospital)
42%
U15 Eugensplatz (Jugendherberge)
42%
U6,U16 Giebel
42%
U6,U7,U15 Löwentorbrücke (Diakonie)
42%
U6,U13,U16 Maybachstraße
42%
U7,U15 Borsigstraße
40%
U2,U19 Daimlerplatz
40%
U13 Eszet
40%
U12 Hallschlag
40%
U12 Milchhof (Agentur für Arbeit)
40%
U4 Ostendplatz
40%
U1,U14 Österreichischer Platz (WGV-Versicherungen)
40%
U5,U6,U8,U12 Sonnenberg
40%
U7 Zuffenhausen Kelterplatz
40%
U2,U9 Arndt-/Spittastraße
38%
U1,U16 Augsburger Platz
38%
U14 Kaltental
38%
U12 Neckargröningen Remseck
38%
U7,U8 Nellingen Ostfildern
38%
U7,U15 Friedrichswahl
37%
U7 Himmelsleiter
37%
U2,U19 Kursaal
37%
U6,U16 Löwen-Markt
37%
U1,U16 Nürnberger Straße
37%
U7,U15 Sieglestraße
37%
U3,U8,U12 SSB-Zentrum
37%
U5,U6,U8,U12 Weinsteige
37%
U15 Zuffenhausen Rathaus
37%
U1,U16 Antwerpener Straße
35%
U4,U9 Bergfriedhof (Merz-Akademie)
35%
U15 Bubenbad (IB-Jugendgästehaus)
35%
U6 Fasanenhof (Bonhoefferkirche)
35%
U6 Gerlingen Siedlung
35%
U14 Münster Viadukt
35%
U7,U8 Ruit
35%
U1,U14 Südheimer Platz
35%
U1,U13,U16 Uff-Kirchhof
35%
U12,U14 Auwiesen
33%
U4,U9 Brendle (Großmarkt)
33%
U6,U13,U16 Feuerbach Pfostenwäldle (AWO)
33%
U7 Fürfelder Straße
33%
U2,U19 Gnesener Straße
33%
U3,U8 Jurastraße
33%
U14 Kraftwerk Münster
33%
U5,U6,U8,U12 Riedsee
33%
U7 Tapachstraße
33%
U13 Blick
31%
U12 Hornbach
31%
U4,U9 Karl-Olga-Krankenhaus
31%
U12 Lapp Kabel
31%
U5,U6 Möhringen Freibad
31%
U9 Schlachthof
31%
U15 Stelle
31%
U3,U5,U6,U8,U12 Vaihinger Straße
31%
U6 EnBW-City
29%
U6,U13,U16 Föhrich
29%
U13,U16 Glockenstraße (Mahle)
29%
U2,U9 Herderplatz
29%
U7,U8,U15 Heumaden Bockelstraße
29%
U6 Messe West
29%
U12 Mittnachtstraße
29%
U2,U19 Obere Ziegelei
29%
U4 Ostheim (Leo-Vetter-Bad)
29%
U5,U6,U8,U12 Peregrinastraße
29%
U2,U19 Steinhaldenfeld
29%
U4,U9,U13 Wasenstraße
29%
U12 Bottroper Straße (BiL-Schulen)
27%
U13 Ebitzweg
27%
U2,U9 Eltinger Straße
27%
U15 Geroksruhe
27%
U2,U19 Hauptfriedhof
27%
U4,U9 Im Degen
27%
U4,U9 Inselstraße
27%
U3 Landhaus
27%
U5 Leinfelden Neuer Markt (Euchner)
27%
U15 Salzwiesenstraße
27%
U7,U8,U15 Silberwald
27%
U14 Vaihingen Schillerplatz
27%
U12,U14 Wagrainäcker
27%
U4,U9 Wangener-/Landhausstraße
27%
U6,U13,U16 Wilhelm-Geiger-Platz
27%
U2,U9 Beethovenstraße
25%
U1,U16 Beskidenstraße
25%
U14 Fauststraße
25%
U4 Gaisburg
25%
U15 Heutingsheimer Straße
25%
U7,U15 Hohensteinstraße
25%
U14 Mühlsteg
25%
U14 Münster Rathaus
25%
U12 Riethmüllerhaus
25%
U7,U8,U15 Schemppstraße
25%
U6,U13,U16 Sportpark Feuerbach
25%
U12 Züricher Straße
25%
U6 Breitwiesen
23%
U14 Engelboldstraße
23%
U3 Plieninger Straße
23%
U4 Rosenberg-/Seidenstraße (Diakonie-Klinikum)
23%
U13,U16 Rosensteinpark
23%
U3 Salzäcker
23%
U7,U8 Scharnhauser Park
23%
U7 Suttnerstraße
23%
U14 Vaihingen Viadukt
23%
U14 Waldeck
23%
U9,U13 Wangen Marktplatz
23%
U1,U16 Esslinger Straße
21%
U14 Freibergstraße
21%
U15 Kirchtalstraße (Volksbank Zuffenhausen)
21%
U15 Korntaler Straße
21%
U5 Leinfelden Frank
21%
U2,U9 Lindpaintnerstraße
21%
U7,U8 Parksiedlung
21%
U9 Raitelsberg
21%
U6 Schelmenwasen
21%
U5 Unteraichen
21%
U15 Wimpfener Straße
21%
U6,U16 Bergheimer Hof
19%
U14 Elbestraße
19%
U6 Europaplatz
19%
U15 Heidehofstraße
19%
U7,U8 Kreuzbrunnen
19%
U6,U16 Landauer Straße
19%
U12 Mühle
19%
U1,U16 Schwabenlandhalle
19%
U3 Sigmaringer Straße
19%
U7,U8 Technische Akademie
19%
U3,U8,U12 Wallgraben
19%
U7,U8 Zinsholz
19%
U1,U16 Höhenstraße
17%
U2,U9 Millöckerstraße
17%
U15 Payerstraße
17%
U6,U16 Rastatter Straße
17%
U5,U6 Rohrer Weg
17%
U7 Schozacher Straße
17%
U6 Stadionstraße
17%
U12 Brückenstraße
15%
U6,U16 Wolfbusch
15%
U6,U16 Salamanderweg
13%
U13 Schlotterbeckstraße
13%
U13 Kienbachstraße
12%
U9,U13 Stadtwerke Stuttgart (Bürocampus Wangen)
12%
U15 Stafflenbergstraße (Klinik Charlottenhaus)
12%
Keine übereinstimmenden Quizze gefunden
Verteilung der Resultate
Anzahl Personen mit jedem Resultat
Perzentil nach korrekt beantworteten Fragen
Ihre Resultats-Entwicklung
Sie haben dieses Quiz noch nicht gespielt